Detalles MARC
| 000 -CABECERA |
| Campo de control |
01414nam a2200493 a 4500 |
| 005 - FECHA Y HORA DE LA ULTIMA TRANSACCION |
| Campo de control |
20200104041614.0 |
| 008 - ELEMENTOS DE LONGITUD FIJA—INFORMACION GENERAL |
| Campo de control |
171212b xxu||||| |||| 00| 0 spa d |
| 040 ## - FUENTE DE CATALOGACIÓN |
| Agencia catalogadora original |
CO-BoIAVH |
| Agencia transcriptora |
CO-BoIAVH |
| 041 ## - IDIOMA |
| Código de idioma para texto/pista de sonido o título separado |
Español |
| 044 ## - PAÍS DE PUBLICACIÓN |
| País de publicación |
Colombia |
| 090 ## - CLASIFICACIÓN LOCAL |
| Colección |
MM- |
| Consecutivo |
0091 |
| 110 ## - ASIENTO PRINCIPAL--NOMBRE CORPORATIVO |
| Nombre corporativo o de jurisdicción como elemento de entrada |
Chile |
| Unidad subordinad |
Comisión Nacional del Medio Ambiente |
| 9 (RLIN) |
89400 |
| 245 ## - MENCION DE TITULO |
| Título |
Biodiversidad de Chile |
| Parte restante del título |
patrimonio y desafíos |
| 250 ## - MENCION DE EDICION |
| Mención de edición |
2a ed. |
| 260 ## - PUBLICACION, DISTRIBUCION, ETC. (PIE DE IMPRENTA) |
| Lugar de publicación, distribución, etc. |
Santiago de Chile |
| Nombre del editor, distribuidor, etc. |
Conama |
| Fecha de publicación, distribución, etc. |
2008 |
| 300 ## - DESCRIPCION FISICA |
| Extensión |
639 páginas |
| Otros detalles físicos |
; |
| 650 14 - ASIENTO SECUNDARIO DE MATERIA - TERMINO TEMATICO |
| Término temático o nombre geográfico como elemento de entrada |
Biodiversidad |
| 9 (RLIN) |
92204 |
| 650 14 - ASIENTO SECUNDARIO DE MATERIA - TERMINO TEMATICO |
| Término temático o nombre geográfico como elemento de entrada |
Biota |
| 9 (RLIN) |
89402 |
| 650 14 - ASIENTO SECUNDARIO DE MATERIA - TERMINO TEMATICO |
| Término temático o nombre geográfico como elemento de entrada |
Fósiles |
| 9 (RLIN) |
89403 |
| 650 14 - ASIENTO SECUNDARIO DE MATERIA - TERMINO TEMATICO |
| Término temático o nombre geográfico como elemento de entrada |
Ecosistemas |
| 9 (RLIN) |
92256 |
| 650 14 - ASIENTO SECUNDARIO DE MATERIA - TERMINO TEMATICO |
| Término temático o nombre geográfico como elemento de entrada |
Invertebrados |
| 9 (RLIN) |
89405 |
| 650 14 - ASIENTO SECUNDARIO DE MATERIA - TERMINO TEMATICO |
| Término temático o nombre geográfico como elemento de entrada |
Mamíferos |
| 9 (RLIN) |
92510 |
| 650 14 - ASIENTO SECUNDARIO DE MATERIA - TERMINO TEMATICO |
| Término temático o nombre geográfico como elemento de entrada |
Aves |
| 9 (RLIN) |
92429 |
| 650 14 - ASIENTO SECUNDARIO DE MATERIA - TERMINO TEMATICO |
| Término temático o nombre geográfico como elemento de entrada |
Peces |
| 9 (RLIN) |
92349 |
| 650 14 - ASIENTO SECUNDARIO DE MATERIA - TERMINO TEMATICO |
| Término temático o nombre geográfico como elemento de entrada |
Reptiles |
| 9 (RLIN) |
89409 |
| 650 14 - ASIENTO SECUNDARIO DE MATERIA - TERMINO TEMATICO |
| Término temático o nombre geográfico como elemento de entrada |
Anfibios |
| 9 (RLIN) |
89410 |
| 650 14 - ASIENTO SECUNDARIO DE MATERIA - TERMINO TEMATICO |
| Término temático o nombre geográfico como elemento de entrada |
Flora |
| 9 (RLIN) |
92293 |
| 650 14 - ASIENTO SECUNDARIO DE MATERIA - TERMINO TEMATICO |
| Término temático o nombre geográfico como elemento de entrada |
Briofitas |
| 9 (RLIN) |
89412 |
| 650 14 - ASIENTO SECUNDARIO DE MATERIA - TERMINO TEMATICO |
| Término temático o nombre geográfico como elemento de entrada |
Algas |
| 9 (RLIN) |
8252 |
| 650 14 - ASIENTO SECUNDARIO DE MATERIA - TERMINO TEMATICO |
| Término temático o nombre geográfico como elemento de entrada |
Líquenes |
| 9 (RLIN) |
1755 |
| 650 14 - ASIENTO SECUNDARIO DE MATERIA - TERMINO TEMATICO |
| Término temático o nombre geográfico como elemento de entrada |
Bacterias |
| 9 (RLIN) |
89414 |
| 650 14 - ASIENTO SECUNDARIO DE MATERIA - TERMINO TEMATICO |
| Término temático o nombre geográfico como elemento de entrada |
Hongos |
| 9 (RLIN) |
6834 |
| 650 14 - ASIENTO SECUNDARIO DE MATERIA - TERMINO TEMATICO |
| Término temático o nombre geográfico como elemento de entrada |
Conservación de la biodiversidad |
| 9 (RLIN) |
56 |
| 650 14 - ASIENTO SECUNDARIO DE MATERIA - TERMINO TEMATICO |
| Término temático o nombre geográfico como elemento de entrada |
Pesca industrial |
| 9 (RLIN) |
87767 |
| 650 14 - ASIENTO SECUNDARIO DE MATERIA - TERMINO TEMATICO |
| Término temático o nombre geográfico como elemento de entrada |
Cambio climático |
| 9 (RLIN) |
89417 |
| 650 14 - ASIENTO SECUNDARIO DE MATERIA - TERMINO TEMATICO |
| Término temático o nombre geográfico como elemento de entrada |
Areas protegidas |
| 9 (RLIN) |
78 |
| 650 14 - ASIENTO SECUNDARIO DE MATERIA - TERMINO TEMATICO |
| Término temático o nombre geográfico como elemento de entrada |
Reproducción animal |
| 9 (RLIN) |
87770 |
| 650 14 - ASIENTO SECUNDARIO DE MATERIA - TERMINO TEMATICO |
| Término temático o nombre geográfico como elemento de entrada |
Banco de germoplasma |
| 9 (RLIN) |
3592 |
| 650 14 - ASIENTO SECUNDARIO DE MATERIA - TERMINO TEMATICO |
| Término temático o nombre geográfico como elemento de entrada |
Política ambiental |
| 9 (RLIN) |
92286 |
| 650 14 - ASIENTO SECUNDARIO DE MATERIA - TERMINO TEMATICO |
| Término temático o nombre geográfico como elemento de entrada |
Educación ambiental |
| 9 (RLIN) |
162 |
| 650 14 - ASIENTO SECUNDARIO DE MATERIA - TERMINO TEMATICO |
| Término temático o nombre geográfico como elemento de entrada |
Gestión ambiental |
| 9 (RLIN) |
92206 |
| 662 ## - ASIENTO SECUNDARIO DE MATERIA - JERARQUIA DEL NOMBRE DE LUGAR( |
| País o entidad mayor |
Chile |
| 942 ## - ELEMENTOS ADICIONALES (KOHA) |
| Sistema de clasificación |
Local |
| Tipo de ítem |
CD-ROM |